Ranked Starting NFL Quarterbacks 2023-24 - Statistics

General Stats
  • This quiz has been taken 298 times
  • The average score is 29 of 32
Answer Stats
Hint Answer % Correct
1. Chiefs Patrick Mahomes
100%
3. Eagles Jalen Hurts
98%
2. Bengals Joe Burrow
98%
4. Bills Josh Allen
98%
8. Ravens Lamar Jackson
97%
5. Jaguars Trevor Lawrence
97%
9. Dolphins Tua Tagovailoa
96%
18. Jets Aaron Rodgers
95%
6. Chargers Justin Herbert
95%
13. Giants Daniel Jones
94%
11. Seahawks Geno Smith
94%
10. Bears Justin Fields
94%
23. Broncos Russell Wilson
94%
19. Cowboys Dak Prescott
93%
14. Packers Jordan Love
93%
17. Vikings Kirk Cousins
93%
32. Patriots Mac Jones
93%
16. Lions Jared Goff
92%
12. Cardinals Kyler Murray
92%
7. Browns Deshaun Watson
91%
27. Rams Matthew Stafford
91%
26. Buccaneers Baker Mayfield
89%
15. Steelers Kenny Pickett
89%
28. Saints Derek Carr
87%
21. Texans CJ Stroud
86%
24. Raiders Jimmy Garoppolo
86%
22. Panthers Bryce Young
85%
30. Titans Ryan Tannehill
82%
29. Colts Anthony Richardson
80%
25. Falcons Desmond Ridder
77%
20. 49ers Trey Lance
75%
31. Commanders Sam Howell
72%
No matching quizzes found
Score Distribution
Percent of People with Each Score
Percentile by Number Answered
Your Score History
You have not taken this quiz